| 000 | 01482cam a2200433 i 4500 | ||
|---|---|---|---|
| 999 |
_c7312 _d7312 |
||
| 001 | .b74302115 | ||
| 003 | OSt | ||
| 005 | 20210218184534.0 | ||
| 008 | 200807e201909 spc|||| |||| 0|0 0 cat|c | ||
| 015 |
_aLL2020 _2bnc |
||
| 017 |
_aDL L 1025-2019 _bBiblioteca de Catalunya |
||
| 020 | _a9788413031286 | ||
| 035 | _a(OCoLC)1224098223 | ||
| 040 |
_aES-LlUDL _bcat _erda _cES-LlUDL _dES-BaBC |
||
| 080 |
_a159.942 _22004 |
||
| 080 |
_a159.942:004.738.5 _22004 |
||
| 080 |
_a613.88:316.4 _22004 |
||
| 080 |
_a141.72 _22004 |
||
| 100 | 1 |
_aRoqueta-Fernández, Marta, _eautor |
|
| 245 | 1 | 0 |
_aDe la poma a la pantalla : _bamor, sexe i desig a l'època digital / _cMarta Roqueta-Fernàndez |
| 250 | _aPrimera edició | ||
| 264 | 1 |
_aLleida : _bPagès Editors, _csetembre de 2019 |
|
| 300 |
_a147 pàgines ; _c20 cm |
||
| 336 |
_atext _btxt _2rdacontent |
||
| 337 |
_asense mediació _bn _2rdamedia |
||
| 338 |
_avolum _bnc _2rdacarrier |
||
| 490 | 1 |
_aNandibú zeta ; _v1 |
|
| 504 | _aBibliografia: pàgines 139-145 | ||
| 650 | 7 |
_aAmor _xAspectes psicològics _2lemac |
|
| 650 | 7 |
_aAmor _xAspectes socials _2lemac |
|
| 650 | 7 |
_aAmor _xRecursos electrònics en xarxa _2lemac |
|
| 650 | 7 |
_aRelacions amoroses _xRecursos electrònics en xarxa _2lemac |
|
| 650 | 7 |
_aSexualitat _xAspectes socials _2lemac |
|
| 650 | 7 |
_aFeminisme _2lemac |
|
| 830 | 0 |
_aNandibú zeta ; _v1 |
|
| 907 |
_a.b74302115 _b18-02-21 _c03-07-20 _d07-08-20 _em _fa _g- _hcat _ispc _j0 _k0 |
||
| 940 | _aBC | ||
| 942 |
_2udc _cMON |
||